<?xml version="1.0" encoding="UTF-8"?>
<record
    xmlns:xsi="http://www.w3.org/2001/XMLSchema-instance"
    xsi:schemaLocation="http://www.loc.gov/MARC21/slim http://www.loc.gov/standards/marcxml/schema/MARC21slim.xsd"
    xmlns="http://www.loc.gov/MARC21/slim">

  <leader>00742nam a2200229Ia 4500</leader>
  <datafield tag="999" ind1=" " ind2=" ">
    <subfield code="c">36039</subfield>
    <subfield code="d">36039</subfield>
  </datafield>
  <controlfield tag="001">1938</controlfield>
  <controlfield tag="003">GE_BSU</controlfield>
  <controlfield tag="005">20221011155838.0</controlfield>
  <controlfield tag="008">181216s2007ru  xx |||||||||||||| ||rus||</controlfield>
  <datafield tag="020" ind1=" " ind2=" ">
    <subfield code="a">5911312374&#x425;</subfield>
  </datafield>
  <datafield tag="040" ind1=" " ind2=" ">
    <subfield code="c">GE_BSU</subfield>
  </datafield>
  <datafield tag="080" ind1=" " ind2=" ">
    <subfield code="a">349.444(075.8) &#x41A;-88</subfield>
  </datafield>
  <datafield tag="100" ind1=" " ind2=" ">
    <subfield code="a">&#x41A;&#x443;&#x431;&#x430;&#x43D;&#x43A;&#x438;&#x43D;&#x430;,&#x415;.&#x418;.</subfield>
    <subfield code="9">15253</subfield>
  </datafield>
  <datafield tag="245" ind1=" " ind2=" ">
    <subfield code="a">&#x416;&#x438;&#x43B;&#x438;&#x449;&#x43D;&#x43E;&#x435; &#x43F;&#x440;&#x430;&#x432;&#x43E; :</subfield>
    <subfield code="b">&#x423;&#x447;&#x435;&#x431;&#x43D;&#x43E;&#x435; &#x43F;&#x43E;&#x441;&#x43E;&#x431;&#x438;&#x435; /</subfield>
  </datafield>
  <datafield tag="245" ind1=" " ind2=" ">
    <subfield code="b">&#x418;&#x437;&#x434;.2-&#x43E;&#x435; &#x43F;&#x435;&#x440;&#x435;&#x440;&#x430;&#x431;. &#x438;  &#x434;&#x43E;&#x43F;.</subfield>
  </datafield>
  <datafield tag="264" ind1=" " ind2=" ">
    <subfield code="a">&#x41C;&#x43E;&#x441;&#x43A;&#x432;&#x430; :</subfield>
    <subfield code="b">&#x422;&#x43E;&#x440;&#x433;&#x43E;&#x432;&#x430;&#x44F;  &#x43A;&#x43E;&#x440;&#x43F;&#x43E;&#x440;&#x430;&#x446;&#x438;&#x44F; ,,&#x414;&#x43E;&#x448;&#x43A;&#x43E;&#x432; &#x438;&#x41A;,</subfield>
    <subfield code="c">2007.</subfield>
  </datafield>
  <datafield tag="300" ind1=" " ind2=" ">
    <subfield code="a">288 &#x441;.:</subfield>
    <subfield code="b">20&#x441;&#x43C;.</subfield>
  </datafield>
  <datafield tag="653" ind1=" " ind2=" ">
    <subfield code="a">&#x416;&#x438;&#x43B;&#x438;&#x449;&#x43D;&#x43E;&#x435; &#x43F;&#x440;&#x430;&#x432;&#x43E;.</subfield>
  </datafield>
  <datafield tag="653" ind1=" " ind2=" ">
    <subfield code="a">&#x10E1;&#x10D0;&#x10DB;&#x10D0;&#x10E0;&#x10D7;&#x10D0;&#x10DA;&#x10D8;</subfield>
  </datafield>
  <datafield tag="700" ind1=" " ind2=" ">
    <subfield code="a">&#x41F;&#x430;&#x432;&#x43B;&#x435;&#x43D;&#x43A;&#x43E;,&#x412;. &#x412;.</subfield>
    <subfield code="9">15254</subfield>
  </datafield>
  <datafield tag="942" ind1=" " ind2=" ">
    <subfield code="c">BK</subfield>
    <subfield code="2">udc</subfield>
  </datafield>
  <datafield tag="952" ind1=" " ind2=" ">
    <subfield code="0">0</subfield>
    <subfield code="1">0</subfield>
    <subfield code="2">udc</subfield>
    <subfield code="4">0</subfield>
    <subfield code="6">3494440758_&#x41A;88</subfield>
    <subfield code="7">0</subfield>
    <subfield code="9">34765</subfield>
    <subfield code="a">CPL</subfield>
    <subfield code="b">CPL</subfield>
    <subfield code="c">GEN</subfield>
    <subfield code="d">2018-12-17</subfield>
    <subfield code="g">12.00</subfield>
    <subfield code="o">349.444(075.8) &#x41A;-88</subfield>
    <subfield code="p">3950</subfield>
    <subfield code="r">2018-12-17</subfield>
    <subfield code="t">3950</subfield>
    <subfield code="w">2018-12-17</subfield>
    <subfield code="y">BK</subfield>
    <subfield code="z">12.00</subfield>
  </datafield>
</record>
